[Event "Centrum Konferencyjno-Sportowe"]
[Site "Centrum Konferencyjno-Sportowe"]
[Date "2012.??.??"]
[Round "1.1"]
[White "Jasinowicz, Waclaw"]
[Black "Ogonowski, Jakub"]
[Result "0-1"]
[WhiteElo "1502"]
[BlackElo "1784"]
[PlyCount "95"]
[EventDate "2012.??.??"]

1. c4 Nf6 2. Nc3 g6 3. g3 Bg7 4. Bg2 c6 5. Nf3 d5 6. cxd5 cxd5 7. d4 O-O 8. O-O
Nc6 9. Ne5 Be6 10. Bf4 Nh5 11. Nxc6 bxc6 12. Qd2 Nxf4 13. Qxf4 Qb6 14. e3 Qb4
15. Rfc1 Rfc8 16. b3 f6 17. Na4 Bf5 18. Nc5 h5 19. h3 e5 20. dxe5 Qxf4 21. gxf4
fxe5 22. fxe5 Bxe5 23. Rab1 Bxb1 24. Rxb1 Kf7 25. Rd1 Ke7 26. Nd3 Bd6 27. Re1
Rf8 28. e4 dxe4 29. Bxe4 Kd7 30. Rc1 Rac8 31. Rd1 Rce8 32. f3 Rf6 33. Nb4 Kc7
34. Nxc6 Rxe4 35. fxe4 Kxc6 36. Rc1+ Kb6 37. Re1 Bc5+ 38. Kg2 Kc6 39. Rd1 h4
40. Rd5 Rf2+ 41. Kh1 Rf3 42. Kg2 Rg3+ 43. Kh2 Re3 44. Rg5 Bd6+ 45. Kg1 Rg3+ 46.
Rxg3 hxg3 47. Kg2 Kc5 48. Kf3 0-1

[Event "Centrum Konferencyjno-Sportowe"]
[Site "Centrum Konferencyjno-Sportowe"]
[Date "2012.??.??"]
[Round "1.2"]
[White "Gryglas, Kamil"]
[Black "Maciejewski, Andrzej"]
[Result "0-1"]
[WhiteElo "1519"]
[BlackElo "1780"]
[PlyCount "62"]
[EventDate "2012.??.??"]

1. e4 c5 2. Nf3 d6 3. d4 cxd4 4. Nxd4 Nf6 5. Nc3 g6 6. Bd3 Bg7 7. Nce2 O-O 8.
h3 Nc6 9. c3 Bd7 10. O-O e5 11. Nb5 d5 12. exd5 Nxd5 13. Bxg6 hxg6 14. Qxd5 a6
15. Na3 Qc7 16. Ng3 Rad8 17. Qf3 Be6 18. Be3 f5 19. Bg5 Rd7 20. h4 Bd5 21. Qe2
f4 22. Ne4 f3 23. gxf3 Rdf7 24. Rfd1 Bxe4 25. Qxe4 Rxf3 26. Rd2 Qc8 27. Kg2
Qh3+ 28. Kg1 Ne7 29. Rad1 Nf5 30. Rd3 Ng3 31. Re1 Qh1# 0-1

[Event "Centrum Konferencyjno-Sportowe"]
[Site "Centrum Konferencyjno-Sportowe"]
[Date "2012.??.??"]
[Round "1.3"]
[White "Krawiecki, Stanislaw"]
[Black "Litner, Igor"]
[Result "0-1"]
[WhiteElo "1602"]
[BlackElo "1718"]
[PlyCount "82"]
[EventDate "2012.??.??"]

1. e4 c6 2. d4 d5 3. Nc3 dxe4 4. Nxe4 Nd7 5. Bc4 e6 6. Nf3 Ngf6 7. Qe2 Nxe4 8.
Qxe4 Nf6 9. Qe2 Bd6 10. Bg5 h6 11. Bh4 Bd7 12. Ne5 Qa5+ 13. c3 Bxe5 14. dxe5
Nd5 15. O-O c5 16. f4 Nxf4 17. Rxf4 g5 18. Rxf7 gxh4 19. Qh5 O-O-O 20. Rd1 Be8
21. Bxe6+ Kb8 22. Rxd8+ Qxd8 23. Qf3 Bxf7 24. Bxf7 Kc7 25. e6 Qd2 26. Qe4 Qc1+
27. Kf2 Qxb2+ 28. Kg1 Qc1+ 29. Kf2 Qd2+ 30. Kg1 Qxc3 31. Qf4+ Kc8 32. h3 Qe1+
33. Kh2 Qg3+ 34. Qxg3 hxg3+ 35. Kxg3 Kd8 36. Kf4 Ke7 37. Ke5 Rc8 38. Bg6 c4 39.
g4 b6 40. Bc2 Rc5+ 41. Ke4 Kxe6 0-1

[Event "Centrum Konferencyjno-Sportowe"]
[Site "Centrum Konferencyjno-Sportowe"]
[Date "2012.??.??"]
[Round "1.4"]
[White "Chomczyk, Marek"]
[Black "Powalka, Michal"]
[Result "1/2-1/2"]
[WhiteElo "1892"]
[BlackElo "1779"]
[PlyCount "110"]
[EventDate "2012.??.??"]

1. e4 e5 2. Nf3 Nc6 3. Bc4 Bc5 4. c3 Nf6 5. d3 d6 6. O-O Be6 7. Nbd2 Bxc4 8.
Nxc4 b5 9. Ne3 O-O 10. Nf5 d5 11. exd5 Qxd5 12. Be3 Rad8 13. Bxc5 Qxc5 14. d4
exd4 15. N5xd4 Nxd4 16. Nxd4 b4 17. Qf3 bxc3 18. Nb3 Qc4 19. Qxc3 Qxc3 20. bxc3
Rd3 21. c4 g6 22. g3 Re8 23. Rfe1 Rc3 24. Rxe8+ Nxe8 25. Rc1 Rxc1+ 26. Nxc1 Nd6
27. c5 Nb7 28. Nb3 Kf8 29. Kg2 Ke7 30. Kf3 Kd7 31. Ke4 Kc6 32. Kd4 Kb5 33. f4
a5 34. Kd5 a4 35. Nd4+ Kb4 36. Nc2+ Kc3 37. Nd4 Nd8 38. Nb5+ Kb2 39. Nxc7 Kxa2
40. Nb5 Kb3 41. c6 Ne6 42. Kd6 Kb4 43. Nc7 Nxc7 44. Kxc7 a3 45. Kd7 a2 46. c7
a1=Q 47. c8=Q Qd1+ 48. Ke7 Qe2+ 49. Kxf7 Qxh2 50. Qg4 Kc5 51. Kg7 Kd6 52. Qh4
Qxh4 53. gxh4 Ke6 54. Kxh7 Kf7 55. Kh8 Kf8 1/2-1/2

[Event "Centrum Konferencyjno-Sportowe"]
[Site "Centrum Konferencyjno-Sportowe"]
[Date "2012.??.??"]
[Round "1.5"]
[White "Jarmula, Lukasz"]
[Black "Kowalec, Maciej"]
[Result "1-0"]
[WhiteElo "2165"]
[BlackElo "1704"]
[PlyCount "115"]
[EventDate "2012.??.??"]

1. e4 e6 2. d4 d5 3. Nc3 dxe4 4. Nxe4 Bd7 5. Nf3 Bc6 6. Bd3 Nd7 7. Qe2 Be7 8.
O-O Ngf6 9. Ng3 Bxf3 10. Qxf3 c6 11. c4 O-O 12. b3 Qc7 13. Bb2 Rfd8 14. Rfe1
Nf8 15. Ne4 Ng6 16. g3 Rd7 17. Ng5 Nf8 18. Qe2 c5 19. d5 Nxd5 20. Nxf7 Nb4 21.
Ne5 Nxd3 22. Nxd3 Rad8 23. Qg4 Bd6 24. f4 Rf7 25. Rad1 b6 26. Nf2 Be7 27. Ne4
Rxd1 28. Rxd1 Qc6 29. Qf3 Qc8 30. h4 h6 31. Be5 Qa6 32. a4 Ng6 33. Bd6 Qb7 34.
Qd3 Nf8 35. Be5 Ng6 36. Nd6 Nxe5 37. Nxb7 Nxd3 38. Rxd3 Bf6 39. Nd8 Bxd8 40.
Rxd8+ Kh7 41. Kf2 Re7 42. Ke3 Kg6 43. Ke4 Kh5 44. Ke5 Kg4 45. Rd3 Re8 46. Re3
h5 47. Kd6 Rd8+ 48. Kc7 Rd4 49. Kb8 Rd7 50. Kc8 Rd2 51. Kb7 Rd7+ 52. Kc6 Rd4
53. a5 bxa5 54. Kxc5 Rd2 55. Kb5 Ra2 56. c5 Rc2 57. c6 Rc1 58. Re5 1-0

[Event "Miedzywojewodzkie Mistrzostwa Juniorow ("]
[Site "Centrum Konferencyjno-Sportowe"]
[Date "2012.??.??"]
[Round "2.2"]
[White "Powalka, Michal"]
[Black "Jarmula, Lukasz"]
[Result "0-1"]
[WhiteElo "1779"]
[BlackElo "2165"]
[PlyCount "64"]
[EventDate "2012.??.??"]

1. e4 c5 2. Nf3 d6 3. d4 cxd4 4. Nxd4 Nf6 5. Nc3 a6 6. Bg5 Nbd7 7. f4 Qc7 8.
Qf3 h6 9. Bxf6 Nxf6 10. f5 e5 11. fxe6 fxe6 12. O-O-O Be7 13. Kb1 O-O 14. Be2
Bd7 15. Qg3 b5 16. Bf3 Rac8 17. Rd2 b4 18. Nd1 a5 19. Re1 a4 20. e5 dxe5 21.
Qxe5 Bd6 22. Qe2 Qb6 23. Qd3 Bf4 24. Rde2 Rfd8 25. g3 Bc7 26. Rf2 Be8 27. Rd2
e5 28. Nf5 Rxd3 29. Ne7+ Kf8 30. Nxc8 Rxd2 31. Nxb6 Bxb6 32. Rxe5 Bg6 0-1

[Event "Miedzywojewodzkie Mistrzostwa Juniorow ("]
[Site "Centrum Konferencyjno-Sportowe"]
[Date "2012.??.??"]
[Round "2.3"]
[White "Litner, Igor"]
[Black "Chomczyk, Marek"]
[Result "0-1"]
[WhiteElo "1718"]
[BlackElo "1892"]
[PlyCount "110"]
[EventDate "2012.??.??"]

1. Nf3 Nf6 2. d4 d5 3. Bf4 e6 4. e3 Be7 5. c4 O-O 6. Nc3 b6 7. cxd5 Nxd5 8.
Nxd5 exd5 9. Bd3 c5 10. dxc5 bxc5 11. O-O Bg4 12. h3 Bh5 13. b3 Nc6 14. Be2 Bg6
15. Ne5 Nxe5 16. Bxe5 Qd7 17. Bd3 Rfd8 18. Bxg6 hxg6 19. Rc1 Rac8 20. Qg4 Qxg4
21. hxg4 Bf6 22. Bxf6 gxf6 23. Rfd1 Kf8 24. Kf1 Ke7 25. Ke2 Rc6 26. Rc2 Ke6 27.
Rcd2 Rcd6 28. Rc2 Rc8 29. Rdc1 Rdc6 30. Kd3 Kd6 31. g3 Rb8 32. Ke2 Rb4 33. f3
Rb8 34. Kd3 Rh8 35. Rg2 Rh3 36. e4 d4 37. b4 cxb4 38. Rxc6+ Kxc6 39. Kxd4 Rh1
40. f4 a5 41. e5 Rd1+ 42. Ke4 Re1+ 43. Kd4 fxe5+ 44. fxe5 Rf1 45. Rc2+ Kb5 46.
g5 Ka4 47. Kd5 Ka3 48. e6 Rf5+ 49. Kd6 fxe6 50. Kxe6 Rxg5 51. Rg2 a4 52. g4 Rb5
53. Kf6 g5 54. Rc2 b3 55. axb3 axb3 0-1

[Event "Miedzywojewodzkie Mistrzostwa Juniorow ("]
[Site "Centrum Konferencyjno-Sportowe"]
[Date "2012.??.??"]
[Round "2.4"]
[White "Maciejewski, Andrzej"]
[Black "Krawiecki, Stanislaw"]
[Result "1/2-1/2"]
[WhiteElo "1780"]
[BlackElo "1602"]
[PlyCount "67"]
[EventDate "2012.??.??"]

1. e4 d5 2. exd5 Nf6 3. d4 Nxd5 4. Nc3 Nxc3 5. bxc3 b6 6. Bd3 Bb7 7. Nf3 e6 8.
O-O Bd6 9. Re1 Nd7 10. Bg5 Nf6 11. Ne5 Bxe5 12. dxe5 Qd5 13. f3 Nd7 14. Qe2
Qc5+ 15. Kh1 h6 16. Bh4 g5 17. Bf2 Qe7 18. Rad1 O-O-O 19. a4 a5 20. Ba6 Nc5 21.
Bxb7+ Kxb7 22. Qb5 Qe8 23. Qb2 Qc6 24. Bd4 h5 25. Rb1 g4 26. Qa3 gxf3 27. Qxc5
fxg2+ 28. Kg1 Qxc5 29. Bxc5 Rd2 30. Be3 Rxc2 31. Rbc1 Ra2 32. Ra1 Rc2 33. Rac1
Ra2 34. Ra1 1/2-1/2

[Event "Miedzywojewodzkie Mistrzostwa Juniorow ("]
[Site "Centrum Konferencyjno-Sportowe"]
[Date "2012.??.??"]
[Round "2.5"]
[White "Jasinowicz, Waclaw"]
[Black "Gryglas, Kamil"]
[Result "0-1"]
[WhiteElo "1502"]
[BlackElo "1519"]
[PlyCount "79"]
[EventDate "2012.??.??"]

1. c4 e6 2. g3 Nf6 3. Bg2 d5 4. cxd5 exd5 5. Nf3 c5 6. e3 Bf5 7. d4 Bxb1 8.
Rxb1 c4 9. O-O Nc6 10. b3 c3 11. Qc2 Ne4 12. a3 Bd6 13. Ne1 Qe7 14. Ra1 O-O 15.
Bxe4 Qxe4 16. Qxc3 Rac8 17. Qd3 Qe6 18. Nf3 h5 19. h4 Be7 20. Bb2 Qg4 21. Ne5
Nxe5 22. dxe5 Bxh4 23. Qxd5 Rc2 24. Qd4 Bxg3 25. Qxg4 hxg4 26. Bd4 Bh4 27. Rac1
Bxf2+ 28. Kh1 Re2 29. Rc3 Kh7 30. Rd1 g6 31. e6 g3 32. Rc7 Kg8 33. Bc5 Bxe3 34.
exf7+ Rxf7 35. Rd8+ Kg7 36. Bf8+ Kf6 37. Rd6+ Kg5 38. Rd5+ Kg4 39. Rc4+ Kh3 40.
Rg5 0-1

[Event "Miedzywojewodzkie Mistrzostwa Juniorow ("]
[Site "Centrum Konferencyjno-Sportowe"]
[Date "2012.??.??"]
[Round "3.1"]
[White "Gryglas, Kamil"]
[Black "Ogonowski, Jakub"]
[Result "0-1"]
[WhiteElo "1519"]
[BlackElo "1784"]
[PlyCount "76"]
[EventDate "2012.??.??"]

1. e4 c5 2. Nf3 d6 3. d4 cxd4 4. Nxd4 Nf6 5. Nc3 a6 6. Bc4 e6 7. Bb3 b5 8. Qd3
Nbd7 9. O-O Nc5 10. Qe2 Bb7 11. f3 Be7 12. Be3 O-O 13. Rad1 Qc7 14. Qf2 Rfd8
15. Qg3 Kh8 16. a3 Rac8 17. Ba2 Nfd7 18. b4 Na4 19. Nxa4 bxa4 20. Bxe6 Qc3 21.
Nf5 Bf6 22. Bxf7 Rf8 23. Be6 Rc7 24. Qxd6 Rd8 25. Rd3 Qxc2 26. Rc1 Qe2 27. Qxc7
Qxd3 28. Bd4 Bxd4+ 29. Nxd4 Qxd4+ 30. Kh1 Nf8 31. h3 Nxe6 32. Qxb7 h6 33. Qxa6
Nf4 34. Qf1 Qb2 35. g3 Ne2 36. Rb1 Nxg3+ 37. Kg1 Qc2 38. Rc1 Ne2+ 0-1

[Event "Miedzywojewodzkie Mistrzostwa Juniorow ("]
[Site "Centrum Konferencyjno-Sportowe"]
[Date "2012.??.??"]
[Round "3.2"]
[White "Krawiecki, Stanislaw"]
[Black "Jasinowicz, Waclaw"]
[Result "0-1"]
[WhiteElo "1602"]
[BlackElo "1502"]
[PlyCount "88"]
[EventDate "2012.??.??"]

1. e4 e5 2. Nf3 Nc6 3. Bc4 Bc5 4. b4 Bxb4 5. c3 Ba5 6. d4 exd4 7. O-O Nge7 8.
cxd4 d5 9. exd5 Nxd5 10. Qb3 Nce7 11. Ba3 c6 12. Nbd2 O-O 13. Rfe1 Re8 14. Re5
Bc7 15. Bxe7 Rxe7 16. Rxe7 Qxe7 17. Re1 Qd8 18. Bxd5 cxd5 19. Qxd5 Be6 20. Qxb7
Bxa2 21. Re7 Bb6 22. Ng5 Bd5 23. Qd7 Qxd7 24. Rxd7 Rd8 25. Rxd8+ Bxd8 26. Ngf3
a5 27. Nb1 Bb6 28. Nc3 Bxf3 29. gxf3 Bxd4 30. Na2 Bb2 31. Kf1 Kf8 32. Ke2 Ke7
33. Kd3 Ke6 34. Kc2 Bd4 35. Kb3 Bxf2 36. Nc1 Bg1 37. h3 Kd5 38. Ne2 Bb6 39. h4
Bd8 40. h5 Ke5 41. Ka4 Kf5 42. Ng3+ Kf4 43. h6 gxh6 44. Ne4 h5 0-1

[Event "Miedzywojewodzkie Mistrzostwa Juniorow ("]
[Site "Centrum Konferencyjno-Sportowe"]
[Date "2012.??.??"]
[Round "3.3"]
[White "Chomczyk, Marek"]
[Black "Maciejewski, Andrzej"]
[Result "1/2-1/2"]
[WhiteElo "1892"]
[BlackElo "1780"]
[PlyCount "56"]
[EventDate "2012.??.??"]

1. e4 c5 2. Nf3 d6 3. d4 cxd4 4. Nxd4 Nf6 5. Nc3 g6 6. Be3 Bg7 7. Bc4 O-O 8.
Bb3 Nc6 9. f3 Bd7 10. Qd2 Rb8 11. g4 Na5 12. Bh6 b5 13. Bxg7 Kxg7 14. g5 Nh5
15. O-O-O Nc4 16. Bxc4 bxc4 17. Nd5 e6 18. Ne3 Qb6 19. Nxc4 Qa6 20. Na5 e5 21.
Ndb3 Rb6 22. Kb1 Nf4 23. Nc1 Bb5 24. Nab3 Rc8 25. Rhe1 Rbc6 26. c3 Bc4 27. Na1
Qb7 28. Re3 a5 1/2-1/2

[Event "Miedzywojewodzkie Mistrzostwa Juniorow ("]
[Site "Centrum Konferencyjno-Sportowe"]
[Date "2012.??.??"]
[Round "3.4"]
[White "Jarmula, Lukasz"]
[Black "Litner, Igor"]
[Result "1/2-1/2"]
[WhiteElo "2165"]
[BlackElo "1718"]
[PlyCount "47"]
[EventDate "2012.??.??"]

1. d4 Nf6 2. c4 e6 3. Nf3 b6 4. g3 Bb7 5. Bg2 Bb4+ 6. Bd2 Bxd2+ 7. Nbxd2 d6 8.
Qc2 Nbd7 9. e4 Qe7 10. O-O e5 11. d5 O-O 12. Ne1 g6 13. f4 Ng4 14. Qc3 f5 15.
h3 Nh6 16. Nd3 fxe4 17. Nxe4 Nf5 18. Rad1 Qg7 19. Kh2 exf4 20. Nxf4 Qxc3 21.
Nxc3 Ne5 22. Ne6 Rf7 23. b3 Re7 24. Ne4 1/2-1/2

[Event "Miedzywojewodzkie Mistrzostwa Juniorow ("]
[Site "Centrum Konferencyjno-Sportowe"]
[Date "2012.??.??"]
[Round "3.5"]
[White "Kowalec, Maciej"]
[Black "Powalka, Michal"]
[Result "1/2-1/2"]
[WhiteElo "1704"]
[BlackElo "1779"]
[PlyCount "87"]
[EventDate "2012.??.??"]

1. d4 Nf6 2. c4 g6 3. Nc3 Bg7 4. g3 O-O 5. Bg2 d6 6. Nf3 Nc6 7. O-O e5 8. dxe5
dxe5 9. Qxd8 Rxd8 10. Bg5 Re8 11. Nb5 Re7 12. Nd2 Bf5 13. Nc3 Rd7 14. Nb3 h6
15. Bxf6 Bxf6 16. Nd5 Be7 17. Rfd1 Kg7 18. Nxe7 Rxe7 19. Bxc6 bxc6 20. Na5 Bd7
21. Rd2 Kf8 22. Rad1 Ke8 23. f3 f6 24. c5 Rb8 25. a3 h5 26. b4 Rh7 27. Kf2 a6
28. e3 Rc8 29. Kg2 g5 30. h3 g4 31. fxg4 hxg4 32. h4 Bf5 33. Kf2 Be4 34. Rb2
Ke7 35. Nc4 Bd5 36. Nd2 f5 37. Re1 Rf8 38. Kg1 Be6 39. Rf1 f4 40. exf4 exf4 41.
Ne4 fxg3 42. Rxf8 Kxf8 43. Ng5 Re7 44. Kg2 1/2-1/2

[Event "Miedzywojewodzkie Mistrzostwa Juniorow ("]
[Site "Centrum Konferencyjno-Sportowe"]
[Date "2012.??.??"]
[Round "4.1"]
[White "Ogonowski, Jakub"]
[Black "Powalka, Michal"]
[Result "1/2-1/2"]
[WhiteElo "1784"]
[BlackElo "1779"]
[PlyCount "49"]
[EventDate "2012.??.??"]

1. e4 e5 2. Nf3 Nc6 3. Bb5 Nd4 4. Bc4 Nxf3+ 5. Qxf3 Nf6 6. O-O Bc5 7. d3 d6 8.
Bg5 h6 9. Bxf6 Qxf6 10. Qxf6 gxf6 11. Nc3 c6 12. Kh1 Be6 13. Bxe6 fxe6 14. Ne2
O-O-O 15. f4 Rdf8 16. f5 Kd7 17. Ng3 d5 18. Rf3 h5 19. Raf1 Rh7 20. fxe6+ Kxe6
21. Nf5 b5 22. Rg3 h4 23. Rg7 Rf7 24. Rg8 Rf8 25. Rg7 1/2-1/2

[Event "Miedzywojewodzkie Mistrzostwa Juniorow ("]
[Site "Centrum Konferencyjno-Sportowe"]
[Date "2012.??.??"]
[Round "4.2"]
[White "Litner, Igor"]
[Black "Kowalec, Maciej"]
[Result "1/2-1/2"]
[WhiteElo "1718"]
[BlackElo "1704"]
[PlyCount "56"]
[EventDate "2012.??.??"]

1. e4 e6 2. d4 d5 3. Nd2 dxe4 4. Nxe4 Bd7 5. Nf3 Bc6 6. Bd3 Nd7 7. O-O Be7 8.
c3 Ngf6 9. Qe2 Nxe4 10. Bxe4 Bxe4 11. Qxe4 c6 12. Ne5 Nxe5 13. Qxe5 Bf6 14. Qe4
Qd5 15. Qxd5 exd5 16. Re1+ Kd7 17. Bf4 Rhe8 18. Kf1 Rxe1+ 19. Rxe1 Re8 20. f3
Rxe1+ 21. Kxe1 Be7 22. Ke2 Bd6 23. Bxd6 Kxd6 24. Ke3 Ke6 25. b4 b5 26. f4 f5
27. h3 h5 28. h4 g6 1/2-1/2

[Event "Miedzywojewodzkie Mistrzostwa Juniorow ("]
[Site "Centrum Konferencyjno-Sportowe"]
[Date "2012.??.??"]
[Round "4.3"]
[White "Maciejewski, Andrzej"]
[Black "Jarmula, Lukasz"]
[Result "0-1"]
[WhiteElo "1780"]
[BlackElo "2165"]
[PlyCount "62"]
[EventDate "2012.??.??"]

1. e4 e5 2. Nf3 Nc6 3. Bb5 a6 4. Ba4 Nf6 5. O-O Be7 6. Re1 b5 7. Bb3 O-O 8. a4
b4 9. d3 Bc5 10. Be3 Bxe3 11. fxe3 d6 12. Nbd2 Na5 13. Qe2 Nxb3 14. Nxb3 c5 15.
Nbd2 Qc7 16. Nf1 c4 17. Ng3 cxd3 18. cxd3 Be6 19. Rf1 Rac8 20. Rac1 Qxc1 21.
Rxc1 Rxc1+ 22. Ne1 Rfc8 23. h3 Rb1 24. Kh2 Rcc1 25. Nf3 b3 26. Qd2 h6 27. Qb4
Rxb2 28. Qxd6 Rbc2 29. Qb8+ Kh7 30. Nh4 b2 31. Ngf5 Bxf5 0-1

[Event "Miedzywojewodzkie Mistrzostwa Juniorow ("]
[Site "Centrum Konferencyjno-Sportowe"]
[Date "2012.??.??"]
[Round "4.4"]
[White "Jasinowicz, Waclaw"]
[Black "Chomczyk, Marek"]
[Result "0-1"]
[WhiteElo "1502"]
[BlackElo "1892"]
[PlyCount "86"]
[EventDate "2012.??.??"]

1. c4 e6 2. g3 Nf6 3. Bg2 Be7 4. Nc3 O-O 5. Nf3 d5 6. cxd5 exd5 7. d4 c6 8. O-O
Nbd7 9. Bf4 Re8 10. a3 Nf8 11. Re1 Ng6 12. Bd2 Bf5 13. Ne5 Nxe5 14. dxe5 Nd7
15. f4 Qb6+ 16. Kh1 Qxb2 17. e4 Bxe4 18. Nxe4 dxe4 19. Bxe4 Nc5 20. Bg2 Rad8
21. Re2 Qb3 22. Qxb3 Nxb3 23. Ra2 Nxd2 24. Rexd2 Rxd2 25. Rxd2 Bxa3 26. Ra2 Bc5
27. Rb2 Bb6 28. h4 g6 29. Bh3 Kg7 30. Rd2 Rd8 31. Re2 Ba5 32. e6 Re8 33. e7 Bb4
34. Rb2 a5 35. f5 Rxe7 36. g4 gxf5 37. gxf5 Re1+ 38. Kg2 Rd1 39. Rb3 c5 40. Rf3
Kf6 41. Re3 c4 42. Bg4 Rd2+ 43. Kf1 c3 0-1

[Event "Miedzywojewodzkie Mistrzostwa Juniorow ("]
[Site "Centrum Konferencyjno-Sportowe"]
[Date "2012.??.??"]
[Round "4.5"]
[White "Gryglas, Kamil"]
[Black "Krawiecki, Stanislaw"]
[Result "0-1"]
[WhiteElo "1519"]
[BlackElo "1602"]
[PlyCount "72"]
[EventDate "2012.??.??"]

1. e4 Nf6 2. Nc3 d5 3. e5 d4 4. exf6 dxc3 5. fxe7 cxd2+ 6. Bxd2 Bxe7 7. Bd3 Be6
8. Bc3 Bf6 9. Bb5+ Nc6 10. Bxc6+ bxc6 11. Qxd8+ Rxd8 12. Bxf6 gxf6 13. Nf3 Rg8
14. g3 Bd5 15. Ke2 Rd6 16. Ke3 Rg4 17. h3 Re4+ 18. Kd2 Re7 19. Rhe1 Bxf3+ 20.
Kc3 Rxe1 21. Rxe1+ Re6 22. Kd2 Rxe1 23. Kxe1 Ke7 24. Kd2 f5 25. Ke3 Bg2 26. h4
Be4 27. c3 Bb1 28. a3 Kd6 29. Kf4 f6 30. f3 Kd5 31. b3 Bc2 32. h5 Ke6 33. b4
Kd5 34. g4 fxg4 35. fxg4 Kc4 36. a4 Kxc3 0-1

[Event "Miedzywojewodzkie Mistrzostwa Juniorow ("]
[Site "Centrum Konferencyjno-Sportowe"]
[Date "2012.??.??"]
[Round "5.1"]
[White "Krawiecki, Stanislaw"]
[Black "Ogonowski, Jakub"]
[Result "1-0"]
[WhiteElo "1602"]
[BlackElo "1784"]
[PlyCount "83"]
[EventDate "2012.??.??"]

1. e4 c5 2. Nf3 d6 3. d4 cxd4 4. Nxd4 Nf6 5. Nc3 a6 6. Bg5 e6 7. f4 Qc7 8. Qf3
b5 9. O-O-O b4 10. Nce2 Bb7 11. Bxf6 gxf6 12. Ng3 Nd7 13. Bd3 Qb6 14. Bc4 O-O-O
15. Qh5 Qc5 16. Qxf7 Bh6 17. Nxe6 Bxf4+ 18. Kb1 Ne5 19. Nxc5 Nxf7 20. Nxb7 Ne5
21. Nxd8 Nxc4 22. Ne6 Be5 23. Nf5 Kd7 24. Nc5+ Kc6 25. Nd3 Bc3 26. bxc3 bxc3
27. Nb4+ Kc5 28. Nxa6+ Kb6 29. Nb4 Kc5 30. Nd3+ Kc6 31. Nd4+ Kd7 32. Nb3 Ra8
33. Nb4 Rg8 34. Nd5 Ra8 35. Ka1 Ra7 36. Rhf1 Na3 37. Rf2 Nb5 38. Rxf6 Ke8 39.
Rdf1 Ra4 40. Rf8+ Kd7 41. R1f7+ Kc6 42. Rc8+ 1-0

[Event "Miedzywojewodzkie Mistrzostwa Juniorow ("]
[Site "Centrum Konferencyjno-Sportowe"]
[Date "2012.??.??"]
[Round "5.2"]
[White "Chomczyk, Marek"]
[Black "Gryglas, Kamil"]
[Result "1-0"]
[WhiteElo "1892"]
[BlackElo "1519"]
[PlyCount "73"]
[EventDate "2012.??.??"]

1. e4 c5 2. Nf3 e6 3. d4 cxd4 4. Nxd4 Nc6 5. Nc3 a6 6. Nxc6 bxc6 7. Bd3 d5 8.
O-O Bc5 9. Qg4 Bd4 10. exd5 Bxc3 11. bxc3 Qf6 12. dxc6 Qxc3 13. Rb1 Ne7 14. Bb2
Qc5 15. Bxg7 Rg8 16. Bxh7 Rxg7 17. Qxg7 Qxc6 18. Rfd1 Nd5 19. Be4 Ke7 20. Bxd5
exd5 21. Qg5+ Kf8 22. Qxd5 Qxd5 23. Rxd5 Be6 24. Rh5 Kg7 25. Ra5 Rc8 26. Rxa6
Rxc2 27. Ra1 Bc4 28. Rc6 Rxa2 29. Rxa2 Bxa2 30. g4 Bd5 31. Rc5 Be6 32. Kg2 Kg6
33. Kg3 f6 34. f4 f5 35. Rc6 Kf7 36. Rxe6 Kxe6 37. g5 1-0

[Event "Miedzywojewodzkie Mistrzostwa Juniorow ("]
[Site "Centrum Konferencyjno-Sportowe"]
[Date "2012.??.??"]
[Round "5.3"]
[White "Jarmula, Lukasz"]
[Black "Jasinowicz, Waclaw"]
[Result "1-0"]
[WhiteElo "2165"]
[BlackElo "1502"]
[PlyCount "79"]
[EventDate "2012.??.??"]

1. e4 e5 2. Nf3 Nc6 3. Bb5 Nge7 4. c3 g6 5. d4 exd4 6. cxd4 d5 7. exd5 Qxd5 8.
Nc3 Qe6+ 9. Be3 Bg7 10. O-O Nd5 11. Ng5 Nxe3 12. Qf3 Qf6 13. Qxe3+ Kf8 14. Rfe1
Bd7 15. Nce4 Qxd4 16. Qa3+ Qb4 17. Qxb4+ Nxb4 18. Bxd7 Nc2 19. Ba4 Nxe1 20.
Rxe1 Bh6 21. Bb3 Kg7 22. Nxf7 Rhf8 23. Nxh6 Kxh6 24. Rd1 Rad8 25. Rxd8 Rxd8 26.
Kf1 b6 27. Ke2 Kg7 28. f4 h6 29. g4 Re8 30. Ke3 Rd8 31. h4 a5 32. f5 gxf5 33.
gxf5 b5 34. f6+ Kf8 35. a3 a4 36. Ba2 Rd1 37. Nc5 c6 38. Be6 Ke8 39. f7+ Ke7
40. Nd7 1-0

[Event "Miedzywojewodzkie Mistrzostwa Juniorow ("]
[Site "Centrum Konferencyjno-Sportowe"]
[Date "2012.??.??"]
[Round "5.4"]
[White "Kowalec, Maciej"]
[Black "Maciejewski, Andrzej"]
[Result "0-1"]
[WhiteElo "1704"]
[BlackElo "1780"]
[PlyCount "94"]
[EventDate "2012.??.??"]

1. d4 c5 2. dxc5 e6 3. e4 Bxc5 4. Nf3 Nc6 5. Bd3 d6 6. O-O Nge7 7. b3 O-O 8.
Bb2 e5 9. c4 Bg4 10. Be2 Bxf3 11. Bxf3 Ng6 12. Nc3 Qg5 13. Bc1 Qd8 14. Nd5 Bd4
15. Rb1 Nge7 16. Bg5 h6 17. Bh4 g5 18. Bg3 Nxd5 19. cxd5 Ne7 20. Qd3 Qa5 21.
Qe2 Rac8 22. h4 Rc3 23. hxg5 hxg5 24. Qd2 f6 25. Bg4 Qc7 26. Rfc1 Qa5 27. Rc2
b5 28. b4 Qa3 29. Rxc3 Bxc3 30. Qc2 Bd4 31. Rb3 Qa6 32. Be6+ Kg7 33. Qc7 Re8
34. Bd7 Bb6 35. Qc3 Rd8 36. Ra3 Qb7 37. Bxb5 Rc8 38. Qd2 Bc5 39. Qe2 Bxb4 40.
Ba6 Rc1+ 41. Kh2 Qb8 42. Rb3 Qh8+ 43. Bh4 Qxh4+ 44. Rh3 Qf4+ 45. g3 Qd2 46. Qf3
Qe1 47. Qg2 Rc2 0-1

[Event "Miedzywojewodzkie Mistrzostwa Juniorow ("]
[Site "Centrum Konferencyjno-Sportowe"]
[Date "2012.??.??"]
[Round "5.5"]
[White "Powalka, Michal"]
[Black "Litner, Igor"]
[Result "0-1"]
[WhiteElo "1779"]
[BlackElo "1718"]
[PlyCount "130"]
[EventDate "2012.??.??"]

1. e4 e6 2. d4 b6 3. Nf3 Bb7 4. Bd3 Nf6 5. Qe2 c5 6. c3 d6 7. O-O Nbd7 8. Nbd2
Be7 9. Nc4 d5 10. exd5 Bxd5 11. Bf4 O-O 12. Rfd1 Bxf3 13. Qxf3 cxd4 14. cxd4
Nd5 15. Qh3 N7f6 16. Be5 h6 17. Rac1 Rc8 18. a4 a6 19. Ne3 Rxc1 20. Rxc1 Qd7
21. b3 b5 22. axb5 axb5 23. g4 Nxe3 24. fxe3 Nd5 25. Qf3 Bg5 26. Re1 Nb4 27.
Bb1 Qd5 28. e4 Qd7 29. Qg3 Nc6 30. d5 Nxe5 31. Qxe5 exd5 32. exd5 Qxg4+ 33. Kh1
Qf3+ 34. Kg1 Bf6 35. Qe4 Qxe4 36. Rxe4 Rd8 37. Bd3 g6 38. Bxb5 Rxd5 39. Bc4
Rd1+ 40. Kg2 Rb1 41. Rf4 Kg7 42. Rf2 g5 43. h3 Rc1 44. Bd5 Rc5 45. Bc4 Rc7 46.
Rf5 Rb7 47. Kg3 Kg6 48. Rf1 Be5+ 49. Kg2 f5 50. h4 Bf4 51. hxg5 hxg5 52. Re1 g4
53. Re8 Bh6 54. Kg3 Kg5 55. Re5 Bf8 56. Rd5 Bb4 57. Kg2 Be1 58. Re5 Bc3 59. Re8
Kf4 60. Rf8 Ra7 61. Be6 Ra2+ 62. Kf1 Ra5 63. Kg2 Re5 64. Bd7 Be1 65. Kf1 Bb4
0-1

[Event "Miedzywojewodzkie Mistrzostwa Juniorow ("]
[Site "Centrum Konferencyjno-Sportowe"]
[Date "2012.??.??"]
[Round "6.1"]
[White "Ogonowski, Jakub"]
[Black "Litner, Igor"]
[Result "1-0"]
[WhiteElo "1784"]
[BlackElo "1718"]
[PlyCount "115"]
[EventDate "2012.??.??"]

1. e4 e6 2. Nf3 d5 3. Nc3 dxe4 4. Nxe4 Bd7 5. d4 Bc6 6. Bd3 Nd7 7. O-O Ngf6 8.
Re1 Nxe4 9. Bxe4 Bxe4 10. Rxe4 Nf6 11. Bg5 Be7 12. Bxf6 Bxf6 13. c3 O-O 14. h4
Qd5 15. Qe2 c5 16. c4 Qc6 17. Ng5 cxd4 18. Rf4 e5 19. Rf3 Bxg5 20. hxg5 e4 21.
Rf4 Rfe8 22. Re1 Rad8 23. Rxe4 Rxe4 24. Qxe4 g6 25. Qe7 Rc8 26. b3 Qc7 27. Qxc7
Rxc7 28. Re8+ Kg7 29. Rd8 Rc5 30. f4 b5 31. Rxd4 bxc4 32. Rxc4 Rd5 33. Rc7 a5
34. Kh2 Rd2 35. a4 Rd3 36. Rb7 h6 37. Rb5 hxg5 38. fxg5 Kf8 39. g4 Ke7 40. Kg2
f5 41. gxf6+ Kxf6 42. g5+ Ke6 43. Kf2 Kd6 44. Ke2 Rg3 45. Kd2 Kc6 46. Kc2 Rg2+
47. Kc3 Rg3+ 48. Kb2 Rg4 49. Rxa5 Kb6 50. Rb5+ Ka6 51. Re5 Kb7 52. Ka3 Ka7 53.
a5 Kb7 54. b4 Ka7 55. Ka4 Kb7 56. Kb5 Ka7 57. a6 Kb8 58. Ka5 1-0